<?xml version="1.0" encoding="UTF-8"?>
<collection xmlns="http://www.loc.gov/MARC21/slim">
 <record>
  <leader>06905cam a22011057i 4500</leader>
  <controlfield tag="001">000633516</controlfield>
  <controlfield tag="003">CZ-PrVSE</controlfield>
  <controlfield tag="005">20251017100335.0</controlfield>
  <controlfield tag="007">ta</controlfield>
  <controlfield tag="008">190722m20199999xr a   fr     000 0 cze d</controlfield>
  <datafield tag="015" ind1=" " ind2=" ">
   <subfield code="a">cnb003400574</subfield>
   <subfield code="z">cnb003118443</subfield>
  </datafield>
  <datafield tag="020" ind1=" " ind2=" ">
   <subfield code="a">978-80-87042-72-4</subfield>
   <subfield code="q">(1 ;</subfield>
   <subfield code="q">Škoda Auto Vysoká škola ;</subfield>
   <subfield code="q">brožováno )</subfield>
  </datafield>
  <datafield tag="020" ind1=" " ind2=" ">
   <subfield code="a">978-80-7654-041-5</subfield>
   <subfield code="q">(2 ;</subfield>
   <subfield code="q">Škoda Auto Vysoká škola ;</subfield>
   <subfield code="q">brožováno)</subfield>
  </datafield>
  <datafield tag="020" ind1=" " ind2=" ">
   <subfield code="a">978-80-7654-054-5</subfield>
   <subfield code="q">(3 ;</subfield>
   <subfield code="q">Škoda Auto Vysoká škola ;</subfield>
   <subfield code="q">brožováno)</subfield>
  </datafield>
  <datafield tag="035" ind1=" " ind2=" ">
   <subfield code="a">(OCoLC)1111972775</subfield>
  </datafield>
  <datafield tag="040" ind1=" " ind2=" ">
   <subfield code="a">ABA001</subfield>
   <subfield code="b">cze</subfield>
   <subfield code="c">ABA006</subfield>
   <subfield code="d">ABA006</subfield>
   <subfield code="e">rda</subfield>
  </datafield>
  <datafield tag="072" ind1=" " ind2="7">
   <subfield code="a">338.3/.4</subfield>
   <subfield code="x">Hospodářská a výrobní odvětví</subfield>
   <subfield code="2">Konspekt</subfield>
   <subfield code="9">4</subfield>
  </datafield>
  <datafield tag="072" ind1=" " ind2="9">
   <subfield code="a">338</subfield>
   <subfield code="x">Production</subfield>
   <subfield code="2">Conspectus</subfield>
   <subfield code="9">4</subfield>
  </datafield>
  <datafield tag="080" ind1=" " ind2=" ">
   <subfield code="a">629.331:338.45</subfield>
   <subfield code="2">MRF_2003</subfield>
  </datafield>
  <datafield tag="080" ind1=" " ind2=" ">
   <subfield code="a">338.45</subfield>
   <subfield code="2">MRF_2003</subfield>
  </datafield>
  <datafield tag="080" ind1=" " ind2=" ">
   <subfield code="a">338.2</subfield>
   <subfield code="2">MRF_2003</subfield>
  </datafield>
  <datafield tag="080" ind1=" " ind2=" ">
   <subfield code="a">(437.3)</subfield>
   <subfield code="2">MRF_2003</subfield>
  </datafield>
  <datafield tag="080" ind1=" " ind2=" ">
   <subfield code="a">(048.8:082)</subfield>
   <subfield code="2">MRF_2003</subfield>
  </datafield>
  <datafield tag="080" ind1=" " ind2=" ">
   <subfield code="a">(048.8)</subfield>
   <subfield code="2">MRF_2003</subfield>
  </datafield>
  <datafield tag="099" ind1=" " ind2="9">
   <subfield code="a">338.4BRA</subfield>
  </datafield>
  <datafield tag="100" ind1="1" ind2=" ">
   <subfield code="a">Bradáč, Josef</subfield>
   <subfield code="7">ola2010548550</subfield>
   <subfield code="4">aut</subfield>
  </datafield>
  <datafield tag="245" ind1="1" ind2="0">
   <subfield code="a">Automobilový průmysl v soudobé ekonomice :</subfield>
   <subfield code="b">pozice a trendy /</subfield>
   <subfield code="c">Josef Bradáč, Romana Čižinská, Tereza Hrtúsová, Tomáš Kozelský, Tomáš Krabec, Radim Lenort, Radek Novák, Jiří Sobotka, Václav Šmejkal, Jana Vlčková ; Stanislav Šaroch ed.</subfield>
  </datafield>
  <datafield tag="250" ind1=" " ind2=" ">
   <subfield code="a">1. vydání</subfield>
  </datafield>
  <datafield tag="264" ind1=" " ind2="1">
   <subfield code="a">Mladá Boleslav :</subfield>
   <subfield code="b">Škoda Auto Vysoká škola o.p.s. v nakladatelství Eva Rozkotová,</subfield>
   <subfield code="c">2019-</subfield>
  </datafield>
  <datafield tag="300" ind1=" " ind2=" ">
   <subfield code="a">svazky :</subfield>
   <subfield code="b">ilustrace</subfield>
  </datafield>
  <datafield tag="336" ind1=" " ind2=" ">
   <subfield code="a">text</subfield>
   <subfield code="b">txt</subfield>
   <subfield code="2">rdacontent</subfield>
  </datafield>
  <datafield tag="337" ind1=" " ind2=" ">
   <subfield code="a">bez média</subfield>
   <subfield code="b">n</subfield>
   <subfield code="2">rdamedia</subfield>
  </datafield>
  <datafield tag="338" ind1=" " ind2=" ">
   <subfield code="a">svazek</subfield>
   <subfield code="b">nc</subfield>
   <subfield code="2">rdacarrier</subfield>
  </datafield>
  <datafield tag="500" ind1=" " ind2=" ">
   <subfield code="a">Částečně tištěno napříč</subfield>
  </datafield>
  <datafield tag="500" ind1=" " ind2=" ">
   <subfield code="a">Podnázev ve 2. svazku: pozice, trendy a udržitelnost; 3. svazku: pozice, trendy, výzvy a udržitelnost</subfield>
  </datafield>
  <datafield tag="500" ind1=" " ind2=" ">
   <subfield code="a">1. svazek bez označení vydání</subfield>
  </datafield>
  <datafield tag="504" ind1=" " ind2=" ">
   <subfield code="a">Obsahuje bibliografie a bibliografické odkazy</subfield>
  </datafield>
  <datafield tag="505" ind1="1" ind2=" ">
   <subfield code="a">[1]. 2019. 337 stran — [2] / Josef Bradáč, Romana Čižinská, Jiří David, Vojtěch Dynybyl, Martin Folta, Tereza Hrtúsová, Eva Jaderná, Tomáš Kozelský, Radim Lenort, Pavel Neset, Radek Novák, Jana Pechová, František Starý, David Staš, Stanislav Šaroch, Emil Velinov, Pavel Wicher, František Zapletal ; Stanislav Šaroch (ed.). 2021. 245 stran — [3] / Stanislav Šaroch, Josef Bradáč, Romana Čižinská, Jiří David, Vojtěch Dynybyl, Tereza Hrtúsová, Tomáš Kozelský, Radim Lenort, Radek Novák, František Starý, Pavel Wicher, František Zapletal ; Stanislav Šaroch (ed.). 2022. 167 stran</subfield>
  </datafield>
  <datafield tag="648" ind1=" " ind2="4">
   <subfield code="a">2004-2022</subfield>
  </datafield>
  <datafield tag="648" ind1=" " ind2="7">
   <subfield code="a">21. století</subfield>
   <subfield code="7">ch460559</subfield>
   <subfield code="2">czenas</subfield>
  </datafield>
  <datafield tag="650" ind1="0" ind2="7">
   <subfield code="a">automobilový průmysl</subfield>
   <subfield code="7">ph114107</subfield>
   <subfield code="2">czenas</subfield>
  </datafield>
  <datafield tag="650" ind1="0" ind2="7">
   <subfield code="a">průmyslová výroba</subfield>
   <subfield code="7">ph115928</subfield>
   <subfield code="2">czenas</subfield>
  </datafield>
  <datafield tag="650" ind1="0" ind2="7">
   <subfield code="a">hospodářská politika</subfield>
   <subfield code="7">ph114701</subfield>
   <subfield code="2">czenas</subfield>
  </datafield>
  <datafield tag="651" ind1=" " ind2="7">
   <subfield code="a">Česko</subfield>
   <subfield code="7">ge128065</subfield>
   <subfield code="2">czenas</subfield>
  </datafield>
  <datafield tag="655" ind1=" " ind2="7">
   <subfield code="a">kolektivní monografie</subfield>
   <subfield code="7">fd501537</subfield>
   <subfield code="2">czenas</subfield>
  </datafield>
  <datafield tag="655" ind1=" " ind2="7">
   <subfield code="a">studie</subfield>
   <subfield code="7">fd133597</subfield>
   <subfield code="2">czenas</subfield>
  </datafield>
  <datafield tag="648" ind1=" " ind2="9">
   <subfield code="a">21st century</subfield>
   <subfield code="2">eczenas</subfield>
  </datafield>
  <datafield tag="650" ind1="0" ind2="9">
   <subfield code="a">automobile industry</subfield>
   <subfield code="2">eczenas</subfield>
  </datafield>
  <datafield tag="650" ind1="0" ind2="9">
   <subfield code="a">industrial production</subfield>
   <subfield code="2">eczenas</subfield>
  </datafield>
  <datafield tag="650" ind1="0" ind2="9">
   <subfield code="a">economic policy</subfield>
   <subfield code="2">eczenas</subfield>
  </datafield>
  <datafield tag="651" ind1=" " ind2="9">
   <subfield code="a">Czechia</subfield>
   <subfield code="2">eczenas</subfield>
  </datafield>
  <datafield tag="655" ind1=" " ind2="9">
   <subfield code="a">collective monographs</subfield>
   <subfield code="2">eczenas</subfield>
  </datafield>
  <datafield tag="655" ind1=" " ind2="9">
   <subfield code="a">studies</subfield>
   <subfield code="2">eczenas</subfield>
  </datafield>
  <datafield tag="700" ind1="1" ind2=" ">
   <subfield code="a">Čižinská, Romana,</subfield>
   <subfield code="d">1979-</subfield>
   <subfield code="7">mzk2003171479</subfield>
   <subfield code="4">aut</subfield>
  </datafield>
  <datafield tag="700" ind1="1" ind2=" ">
   <subfield code="a">David, Jiří</subfield>
   <subfield code="4">aut</subfield>
  </datafield>
  <datafield tag="700" ind1="1" ind2=" ">
   <subfield code="a">Dynybyl, Vojtěch,</subfield>
   <subfield code="d">1963-</subfield>
   <subfield code="7">ntka172337</subfield>
   <subfield code="4">aut</subfield>
  </datafield>
  <datafield tag="700" ind1="1" ind2=" ">
   <subfield code="a">Folta, Martin</subfield>
   <subfield code="7">jo20221143876</subfield>
   <subfield code="4">aut</subfield>
  </datafield>
  <datafield tag="700" ind1="1" ind2=" ">
   <subfield code="a">Hrtúsová, Tereza</subfield>
   <subfield code="7">mzk2018993281</subfield>
   <subfield code="4">aut</subfield>
  </datafield>
  <datafield tag="700" ind1="1" ind2=" ">
   <subfield code="a">Jaderná, Eva</subfield>
   <subfield code="4">aut</subfield>
  </datafield>
  <datafield tag="700" ind1="1" ind2=" ">
   <subfield code="a">Kozelský, Tomáš</subfield>
   <subfield code="7">mzk2006343320</subfield>
   <subfield code="4">aut</subfield>
  </datafield>
  <datafield tag="700" ind1="1" ind2=" ">
   <subfield code="a">Krabec, Tomáš,</subfield>
   <subfield code="d">1981-</subfield>
   <subfield code="7">mzk2005318008</subfield>
   <subfield code="4">aut</subfield>
  </datafield>
  <datafield tag="700" ind1="1" ind2=" ">
   <subfield code="a">Lenort, Radim,</subfield>
   <subfield code="d">1973-</subfield>
   <subfield code="7">mzk2005269857</subfield>
   <subfield code="4">aut</subfield>
  </datafield>
  <datafield tag="700" ind1="1" ind2=" ">
   <subfield code="a">Neset, Pavel</subfield>
   <subfield code="4">aut</subfield>
  </datafield>
  <datafield tag="700" ind1="1" ind2=" ">
   <subfield code="a">Novák, Radek</subfield>
   <subfield code="4">aut</subfield>
  </datafield>
  <datafield tag="700" ind1="1" ind2=" ">
   <subfield code="a">Pechová, Jana</subfield>
   <subfield code="4">aut</subfield>
  </datafield>
  <datafield tag="700" ind1="1" ind2=" ">
   <subfield code="a">Sobotka, Jiří</subfield>
   <subfield code="7">mzk2009496272</subfield>
   <subfield code="4">aut</subfield>
  </datafield>
  <datafield tag="700" ind1="1" ind2=" ">
   <subfield code="a">Starý, František</subfield>
   <subfield code="7">jo20201097155</subfield>
   <subfield code="4">aut</subfield>
  </datafield>
  <datafield tag="700" ind1="1" ind2=" ">
   <subfield code="a">Staš, David</subfield>
   <subfield code="7">ola2018985772</subfield>
   <subfield code="4">aut</subfield>
  </datafield>
  <datafield tag="700" ind1="1" ind2=" ">
   <subfield code="a">Šaroch, Stanislav,</subfield>
   <subfield code="d">1970-</subfield>
   <subfield code="7">jo2002100492</subfield>
   <subfield code="4">aut</subfield>
   <subfield code="4">edt</subfield>
  </datafield>
  <datafield tag="700" ind1="1" ind2=" ">
   <subfield code="a">Šmejkal, Václav,</subfield>
   <subfield code="d">1966-</subfield>
   <subfield code="7">jn20001227177</subfield>
   <subfield code="4">aut</subfield>
  </datafield>
  <datafield tag="700" ind1="1" ind2=" ">
   <subfield code="a">Velinov, Emil</subfield>
   <subfield code="7">jo20221143880</subfield>
   <subfield code="4">aut</subfield>
  </datafield>
  <datafield tag="700" ind1="1" ind2=" ">
   <subfield code="a">Vlčková, Jana</subfield>
   <subfield code="7">xx0134665</subfield>
   <subfield code="4">aut</subfield>
  </datafield>
  <datafield tag="700" ind1="1" ind2=" ">
   <subfield code="a">Wicher, Pavel,</subfield>
   <subfield code="d">1986-</subfield>
   <subfield code="7">ola2015875414</subfield>
   <subfield code="4">aut</subfield>
  </datafield>
  <datafield tag="700" ind1="1" ind2=" ">
   <subfield code="a">Zapletal, František,</subfield>
   <subfield code="d">1987-</subfield>
   <subfield code="7">ola2015875406</subfield>
   <subfield code="4">aut</subfield>
  </datafield>
  <datafield tag="710" ind1="2" ind2=" ">
   <subfield code="a">Škoda Auto Vysoká škola</subfield>
   <subfield code="7">mzk2002185119</subfield>
   <subfield code="4">pbl</subfield>
  </datafield>
  <datafield tag="993" ind1=" " ind2=" ">
   <subfield code="a">009480877</subfield>
  </datafield>
  <datafield tag="910" ind1=" " ind2=" ">
   <subfield code="a">ABA006</subfield>
   <subfield code="b">F229923 (1. díl)</subfield>
   <subfield code="b">F235215 (2. díl)</subfield>
   <subfield code="s">sv. 1-3</subfield>
   <subfield code="t">v</subfield>
  </datafield>
  <datafield tag="928" ind1="9" ind2=" ">
   <subfield code="a">Eva Rozkotová</subfield>
  </datafield>
  <datafield tag="996" ind1=" " ind2=" ">
   <subfield code="1">PJMHS</subfield>
   <subfield code="2">SSAVS</subfield>
   <subfield code="3">F229923e</subfield>
   <subfield code="4">N:G</subfield>
   <subfield code="5">3142331720</subfield>
   <subfield code="7">1. díl</subfield>
   <subfield code="8">20190926</subfield>
   <subfield code="9">338.4BRA</subfield>
   <subfield code="b">1</subfield>
   <subfield code="f">85</subfield>
   <subfield code="h">1. díl</subfield>
   <subfield code="l">UEP01</subfield>
   <subfield code="m">BOOK</subfield>
   <subfield code="q">Studovna JM</subfield>
   <subfield code="r">ŠKODA AUTO VŠ</subfield>
   <subfield code="t">prezenční</subfield>
   <subfield code="u">UEP01</subfield>
   <subfield code="w">20191011</subfield>
  </datafield>
  <datafield tag="996" ind1=" " ind2=" ">
   <subfield code="1">PJMHS</subfield>
   <subfield code="2">SSAVS</subfield>
   <subfield code="3">F229923f</subfield>
   <subfield code="4">N:G</subfield>
   <subfield code="5">3142331721</subfield>
   <subfield code="7">1. díl</subfield>
   <subfield code="8">20190926</subfield>
   <subfield code="9">338.4BRA</subfield>
   <subfield code="b">1</subfield>
   <subfield code="f">81</subfield>
   <subfield code="h">1. díl</subfield>
   <subfield code="l">UEP01</subfield>
   <subfield code="m">BOOK</subfield>
   <subfield code="q">Studovna JM</subfield>
   <subfield code="r">ŠKODA AUTO VŠ</subfield>
   <subfield code="t">na 1 měsíc</subfield>
   <subfield code="u">UEP01</subfield>
   <subfield code="w">20191011</subfield>
  </datafield>
  <datafield tag="996" ind1=" " ind2=" ">
   <subfield code="1">PJMHS</subfield>
   <subfield code="2">SSAVS</subfield>
   <subfield code="3">F229923g</subfield>
   <subfield code="4">N:G</subfield>
   <subfield code="5">3142331722</subfield>
   <subfield code="7">1. díl</subfield>
   <subfield code="8">20190926</subfield>
   <subfield code="9">338.4BRA</subfield>
   <subfield code="b">1</subfield>
   <subfield code="f">81</subfield>
   <subfield code="h">1. díl</subfield>
   <subfield code="l">UEP01</subfield>
   <subfield code="m">BOOK</subfield>
   <subfield code="q">Studovna JM</subfield>
   <subfield code="r">ŠKODA AUTO VŠ</subfield>
   <subfield code="t">na 1 měsíc</subfield>
   <subfield code="u">UEP01</subfield>
   <subfield code="w">20191011</subfield>
  </datafield>
  <datafield tag="996" ind1=" " ind2=" ">
   <subfield code="1">PJMHS</subfield>
   <subfield code="3">F229923c</subfield>
   <subfield code="4">N:G</subfield>
   <subfield code="5">3142330295</subfield>
   <subfield code="7">1. díl</subfield>
   <subfield code="8">20190923</subfield>
   <subfield code="9">338.4BRA</subfield>
   <subfield code="b">1</subfield>
   <subfield code="f">81</subfield>
   <subfield code="h">1. díl</subfield>
   <subfield code="l">UEP01</subfield>
   <subfield code="m">BOOK</subfield>
   <subfield code="q">Studovna JM</subfield>
   <subfield code="t">na 1 měsíc</subfield>
   <subfield code="u">UEP01</subfield>
   <subfield code="w">20191002</subfield>
  </datafield>
  <datafield tag="996" ind1=" " ind2=" ">
   <subfield code="1">PJMHS</subfield>
   <subfield code="3">F229923d</subfield>
   <subfield code="4">N:G</subfield>
   <subfield code="5">3142330296</subfield>
   <subfield code="7">1. díl</subfield>
   <subfield code="8">20190923</subfield>
   <subfield code="9">338.4BRA</subfield>
   <subfield code="b">1</subfield>
   <subfield code="f">81</subfield>
   <subfield code="h">1. díl</subfield>
   <subfield code="l">UEP01</subfield>
   <subfield code="m">BOOK</subfield>
   <subfield code="q">Studovna JM</subfield>
   <subfield code="t">na 1 měsíc</subfield>
   <subfield code="u">UEP01</subfield>
   <subfield code="w">20191002</subfield>
  </datafield>
  <datafield tag="996" ind1=" " ind2=" ">
   <subfield code="1">PJMHS</subfield>
   <subfield code="3">F235215a</subfield>
   <subfield code="4">N:G</subfield>
   <subfield code="5">3142360657</subfield>
   <subfield code="7">2. díl</subfield>
   <subfield code="8">20220701</subfield>
   <subfield code="9">338.4BRA</subfield>
   <subfield code="b">2</subfield>
   <subfield code="f">81</subfield>
   <subfield code="h">2. díl</subfield>
   <subfield code="l">UEP01</subfield>
   <subfield code="m">BOOK</subfield>
   <subfield code="q">Studovna JM</subfield>
   <subfield code="t">na 1 měsíc</subfield>
   <subfield code="u">UEP01</subfield>
   <subfield code="w">20220701</subfield>
  </datafield>
  <datafield tag="996" ind1=" " ind2=" ">
   <subfield code="1">PJMHS</subfield>
   <subfield code="3">F237332a</subfield>
   <subfield code="4">N:G</subfield>
   <subfield code="5">3142368490</subfield>
   <subfield code="7">3. díl (2022)</subfield>
   <subfield code="8">20240214</subfield>
   <subfield code="9">338.4BRA</subfield>
   <subfield code="a">2022</subfield>
   <subfield code="b">2022</subfield>
   <subfield code="c">3</subfield>
   <subfield code="f">81</subfield>
   <subfield code="h">3. díl (2022)</subfield>
   <subfield code="l">UEP01</subfield>
   <subfield code="m">BOOK</subfield>
   <subfield code="q">Studovna JM</subfield>
   <subfield code="t">na 1 měsíc</subfield>
   <subfield code="u">UEP01</subfield>
   <subfield code="w">20240301</subfield>
  </datafield>
  <datafield tag="996" ind1=" " ind2=" ">
   <subfield code="1">PJMSK</subfield>
   <subfield code="3">F229923ch</subfield>
   <subfield code="4">N:G</subfield>
   <subfield code="5">3142331724</subfield>
   <subfield code="7">1. díl</subfield>
   <subfield code="8">20190926</subfield>
   <subfield code="9">338.4BRA</subfield>
   <subfield code="b">1</subfield>
   <subfield code="f">81</subfield>
   <subfield code="h">1. díl</subfield>
   <subfield code="l">UEP01</subfield>
   <subfield code="m">BOOK</subfield>
   <subfield code="q">Knihovna JM - sklad</subfield>
   <subfield code="t">na 1 měsíc</subfield>
   <subfield code="u">UEP01</subfield>
   <subfield code="w">20191011</subfield>
  </datafield>
  <datafield tag="996" ind1=" " ind2=" ">
   <subfield code="1">PJMSK</subfield>
   <subfield code="3">F229923h</subfield>
   <subfield code="4">N:G</subfield>
   <subfield code="5">3142331723</subfield>
   <subfield code="7">1. díl</subfield>
   <subfield code="8">20190926</subfield>
   <subfield code="9">338.4BRA</subfield>
   <subfield code="b">1</subfield>
   <subfield code="f">81</subfield>
   <subfield code="h">1. díl</subfield>
   <subfield code="l">UEP01</subfield>
   <subfield code="m">BOOK</subfield>
   <subfield code="q">Knihovna JM - sklad</subfield>
   <subfield code="t">na 1 měsíc</subfield>
   <subfield code="u">UEP01</subfield>
   <subfield code="w">20191011</subfield>
  </datafield>
  <datafield tag="996" ind1=" " ind2=" ">
   <subfield code="1">PSKLA</subfield>
   <subfield code="3">F229923a</subfield>
   <subfield code="4">N:G</subfield>
   <subfield code="5">3142330293</subfield>
   <subfield code="7">1. díl</subfield>
   <subfield code="8">20190923</subfield>
   <subfield code="9">338.4BRA</subfield>
   <subfield code="b">1</subfield>
   <subfield code="f">81</subfield>
   <subfield code="h">1. díl</subfield>
   <subfield code="l">UEP01</subfield>
   <subfield code="m">BOOK</subfield>
   <subfield code="q">Knihovna Žižkov - sklad</subfield>
   <subfield code="t">na 1 měsíc</subfield>
   <subfield code="u">UEP01</subfield>
   <subfield code="w">20190923</subfield>
  </datafield>
  <datafield tag="996" ind1=" " ind2=" ">
   <subfield code="1">PSKLA</subfield>
   <subfield code="3">F229923b</subfield>
   <subfield code="4">N:G</subfield>
   <subfield code="5">3142330294</subfield>
   <subfield code="7">1. díl</subfield>
   <subfield code="8">20190923</subfield>
   <subfield code="9">338.4BRA</subfield>
   <subfield code="b">1</subfield>
   <subfield code="f">81</subfield>
   <subfield code="h">1. díl</subfield>
   <subfield code="l">UEP01</subfield>
   <subfield code="m">BOOK</subfield>
   <subfield code="q">Knihovna Žižkov - sklad</subfield>
   <subfield code="t">na 1 měsíc</subfield>
   <subfield code="u">UEP01</subfield>
   <subfield code="w">20190923</subfield>
  </datafield>
  <datafield tag="996" ind1=" " ind2=" ">
   <subfield code="1">PSKLA</subfield>
   <subfield code="3">F235215b</subfield>
   <subfield code="4">N:náhrada</subfield>
   <subfield code="5">3142376860</subfield>
   <subfield code="7">2. díl</subfield>
   <subfield code="8">20251002</subfield>
   <subfield code="9">338.4BRA</subfield>
   <subfield code="b">2</subfield>
   <subfield code="f">81</subfield>
   <subfield code="h">2. díl</subfield>
   <subfield code="l">UEP01</subfield>
   <subfield code="m">BOOK</subfield>
   <subfield code="q">Knihovna Žižkov - sklad</subfield>
   <subfield code="t">na 1 měsíc</subfield>
   <subfield code="u">UEP01</subfield>
   <subfield code="w">20251020</subfield>
  </datafield>
  <datafield tag="996" ind1=" " ind2=" ">
   <subfield code="1">PSTUD</subfield>
   <subfield code="3">F229923</subfield>
   <subfield code="4">N:G</subfield>
   <subfield code="5">3142330292</subfield>
   <subfield code="7">1. díl</subfield>
   <subfield code="8">20190923</subfield>
   <subfield code="9">338.4BRA</subfield>
   <subfield code="b">1</subfield>
   <subfield code="f">81</subfield>
   <subfield code="h">1. díl</subfield>
   <subfield code="l">UEP01</subfield>
   <subfield code="m">BOOK</subfield>
   <subfield code="q">Studovna Žižkov</subfield>
   <subfield code="t">na 1 měsíc</subfield>
   <subfield code="u">UEP01</subfield>
   <subfield code="w">20190925</subfield>
  </datafield>
  <datafield tag="996" ind1=" " ind2=" ">
   <subfield code="1">PSTUD</subfield>
   <subfield code="3">F235215</subfield>
   <subfield code="4">N:G</subfield>
   <subfield code="5">3142360656</subfield>
   <subfield code="7">2. díl</subfield>
   <subfield code="8">20220701</subfield>
   <subfield code="9">338.4BRA</subfield>
   <subfield code="b">2</subfield>
   <subfield code="f">81</subfield>
   <subfield code="h">2. díl</subfield>
   <subfield code="l">UEP01</subfield>
   <subfield code="m">BOOK</subfield>
   <subfield code="q">Studovna Žižkov</subfield>
   <subfield code="t">na 1 měsíc</subfield>
   <subfield code="u">UEP01</subfield>
   <subfield code="w">20220729</subfield>
  </datafield>
  <datafield tag="996" ind1=" " ind2=" ">
   <subfield code="1">PSTUD</subfield>
   <subfield code="3">F237332</subfield>
   <subfield code="4">N:G</subfield>
   <subfield code="5">3142368489</subfield>
   <subfield code="7">3. díl (2022)</subfield>
   <subfield code="8">20240214</subfield>
   <subfield code="9">338.4BRA</subfield>
   <subfield code="a">2022</subfield>
   <subfield code="b">2022</subfield>
   <subfield code="c">3</subfield>
   <subfield code="f">81</subfield>
   <subfield code="h">3. díl (2022)</subfield>
   <subfield code="l">UEP01</subfield>
   <subfield code="m">BOOK</subfield>
   <subfield code="q">Studovna Žižkov</subfield>
   <subfield code="t">na 1 měsíc</subfield>
   <subfield code="u">UEP01</subfield>
   <subfield code="w">20240301</subfield>
  </datafield>
 </record>
</collection>
